000 00702nam a2200193 a 4500
001 000037275
005 20200930080246.0
008 120321s2002 dr 000 0 spa d
020 _a8400080408
040 _aDO-SdBNP
_bspa
_cBNPHU
100 1 _aCorté Arreses, Miguel
_963702
245 1 3 _aEl descubrimiento del arte bizantino en España /
_cMiguel Corté Arreses.
260 _aMadrid :
_bConsejo Superior de Investigaciones Científicas,
_c2002.
300 _axv, 192, (20) lám. p. :
_bil., lám ;
_c24 cm.
490 1 _aNueva Roma,
_v16
504 _aIncluye referencias bibliográficas y notas al pie de las páginas
504 _aBibliografía : p. [177]-192
830 0 _aNueva Roma
_v16
_915353
999 _c36765
_d36765